000 00427nam a22001697a 4500
003 MACL
005 20161020144945.0
008 160717b xxu||||| |||| 00| 0 eng d
040 _cMACL
041 _aEnglish
082 _a920
100 _aPenguin Books
_910039
245 _aJawaharlal Nehru
_bThe Discovery Of India
260 _aNew Delhi
_bPenguins Books
_c2010
650 _aAutobiography
_964614
942 _2ddc
_cBK
999 _c54365
_d54365